000
00275nam a2200109Ia 4500
008
200302s9999 xx 000 0 und d
100
_a
Neelum Saran Gour & Other
245
_a
Allahabad Where the Rivers Meet
260
_b
Marg Publications
260
_c
2009
300
_a
180 P.,
999
_c
5732
_d
5732